صور من سور القرآن الكريم / (رقم التسجيلة. 2534)

تفاصيل مارك
000 -الفاتح
عناصر البيانات ثابتة الطول 00666cam a2200193 i 4500
005 - تاريخ ووقت آخر معاملة
حقل ضبط 20251124111520.0
008 - عناصر البيانات ثابتة الطول
عناصر البيانات ثابتة الطول 250721s9999 xx gr 000 0 ara d
082 14 - رقم تصنيف ديوي العشري
رقم التصنيف 211.6
رقم المادة ح م ص
100 1# - مدخل رئيسي – اسم شخصي
الاسم الشخصي الحمصي، عبد الكريم
علاقة الشخص بالعمل/ دوره مؤلف.
245 10 - بيان العنوان
العنوان صور من سور القرآن الكريم /
بيان المسؤولية عبد الكريم الحمصي.
264 ## - بيانات النشر، التوزيع…إلخ
مكان النشر، التوزيع...إلخ [غير معرف] :
اسم الناشر، الموزع...إلخ [غير معرف]،
تاريخ النشر، التوزيع...إلخ [بين 1990 و1999].
300 ## - الوصف المادي
عدد الوحدات المكونة للوعاء 208 صفحة.
650 17 - مدخل إضافي بالموضوع - مصطلح موضوعي
مصطلح موضوعي أو اسم جغرافي كعنصر مدخل القرآن الكريم.
650 17 - مدخل إضافي بالموضوع - مصطلح موضوعي
مصطلح موضوعي أو اسم جغرافي كعنصر مدخل سور القرآن.
650 17 - مدخل إضافي بالموضوع - مصطلح موضوعي
مصطلح موضوعي أو اسم جغرافي كعنصر مدخل ألفاظ القرآن.
650 17 - مدخل إضافي بالموضوع - مصطلح موضوعي
مصطلح موضوعي أو اسم جغرافي كعنصر مدخل تفسير القرآن.
942 ## - بيانات إضافية (كوها)
نوع التنصيف Dewey Decimal Classification
نوع المادة (كوها) كتب
المقتنيات
حالة السحب حالة الفقدان مصدر التصنيف حالة التلف غير قابل للإعارة المكتبة الرئيسية المكتبة الحالية موقع الرف تاريخ التزويد الرقم المتسلسل Total Checkouts رقم الإستدعاء الباركود تاريخ آخر ظهور تاريخ الفاتورة نوع المادة (كوها)
    Dewey Decimal Classification     المكتبة المركزية المكتبة المركزية الإعارة 06/07/2004 382338   211.6 / ح م ص 382338 28/07/2025 06/07/2004 كتب
    Dewey Decimal Classification Unchecked   مكتبة الجويدة مكتبة الجويدة الإعارة 28/07/2025 536573   211.6/حمص   28/07/2025 28/07/2025 كتب
Implemented & Customized by: BBB with SCIT (Smart Chains for Information Technology)

Powered by Koha